European Treble - Statistics

Statistiche generali
  • Questo quiz è stato fatto 23 volte
  • Il punteggio medio è 4 su 5
Statistiche sulle risposte
Coppa dei Campioni / UEFA Champions League Coppa delle Coppe Coppa UEFA / UEFA Europa League Squadra % Corretto
2: 1984-1985; 1995-1996 1: 1983-1984 3. 1976-1977; 1989-1990; 1992-1993 Juventus
90%
6: 1973-1974; 1974-1975; 1975-1976; 2000-2001; 2012-2013; 2019-2020 1: 1966-1967 1: 1995-1996 Bayern Monaco
85%
2: 2011-2012; 2020-2021 2: 1970-1971; 1997-1998 2: 2012-2013; 2018-2019 Chelsea
70%
3: 1967-1968; 1998-1999; 2007-2008 1: 1990-1991 1: 2016-2017 Manchester United
65%
4: 1970-1971: 1971-1972; 1972-1973; 1994-1995 1: 1986-1987 1: 1991-1992 Ajax
45%
Nessun quiz corrispondente trovato
Distribuzione punteggi
Percentuale di utenti per punteggio
Percentile per numero di risposta
I tuoi punteggi nel tempo
Non hai fatto questo quiz